| 000 | 01558nam a22002417a 4500 | ||
|---|---|---|---|
| 999 |
_c63321 _d63321 |
||
| 003 | Ge_BSU | ||
| 005 | 20250910175224.0 | ||
| 008 | 250910s2024 ge ||||| |||| 00| 0 geo d | ||
| 020 | _a9789941318085 | ||
| 041 | _ageo | ||
| 080 | _a821.353.1.091:821.152.1 თ-71 | ||
| 100 |
_aთოლორდავა, ნათია _925790 |
||
| 245 |
_aირლანდია ქართულ-ირლანდიურ მხატვრულ-პუბლიცისტურ ნარატივში : _b [მონოგრაფია] / _cნათია თოლორდავა; რედაქტორი როსტომ ჩხეიძე; გარეკანის დიზაინერი ნინო ხვინგია. |
||
| 264 |
_aთბილისი : _bინტელექტი, _c2024. |
||
| 300 |
_a228 გვ. ; _b20 სმ. |
||
| 504 | _aბიბლიოგრაფია: გვ. 219-225. | ||
| 653 | _aქართულ-ირლანდიური ლიტერატურული ურთიერთობები | ||
| 653 | _aირლანდიური ლიტერატურის ისტორია | ||
| 653 | _aირლანდიური პუბლიცისტიკის ისტორია და კრიტიკა | ||
| 700 |
_aჩხეიძე, როსტომ _eრედაქტორი _91213 |
||
| 700 |
_aხვინგია, ნინო _eგარეკანის დიზაინერი _925483 |
||
| 942 |
_2udc _cᲬᲘᲒᲜᲘ |
||